|
|
|
|
| LEADER |
00000naa2a2200000 4500 |
| 001 |
211246 |
| 005 |
20260219114328.0 |
| 035 |
|
|
|a (RuTPU)RU\TPU\book\230750
|
| 035 |
|
|
|a RU\TPU\book\230338
|
| 090 |
|
|
|a 211246
|
| 100 |
|
|
|a 20120311d2011 k y0rusy50 ca
|
| 101 |
0 |
|
|a rus
|
| 102 |
|
|
|a RU
|
| 200 |
1 |
|
|a Расчетное обоснование конструкции теплогидравлического стенда для исследования тепломассообмена в активной зоне реактора БН-1200
|f Е. Ф. Авдеев [и др.]
|
| 463 |
|
1 |
|0 (RuTPU)RU\TPU\book\222590
|t Теплофизические основы энергетических технологий
|o сборник научных трудов II Всероссийской научно-практической конференции с международным участием, 6-8 октября 2011 г., Томск
|f Национальный исследовательский Томский политехнический университет (ТПУ) ; ред. коллегия: Г. В. Кузнецов [и др.]
|v С. 152-158
|d 2011
|
| 701 |
|
1 |
|a Авдеев
|b Е. Ф.
|
| 701 |
|
1 |
|a Лескин
|b С. Т.
|
| 701 |
|
1 |
|a Чусов
|b И. А.
|
| 701 |
|
1 |
|a Слободчук
|b В. И.
|
| 701 |
|
1 |
|a Шелегов
|b С. А.
|
| 701 |
|
1 |
|a Калякин
|b С. Г.
|
| 701 |
|
1 |
|a Зарюгин
|b Д. Г.
|
| 801 |
|
1 |
|a RU
|b 63413507
|c 20120216
|
| 801 |
|
2 |
|a RU
|b 63413507
|c 20151204
|g RCR
|
| 942 |
|
|
|c BK
|